[Event "WC-2017-S-00005"]
[Site "LSS email"]
[Date "2017.06.07"]
[Round "?"]
[White "Hoeppenstein, Michael"]
[Black "Rudenko, Vitaliy"]
[Result "1/2-1/2"]
[WhiteElo "2437"]
[BlackElo "2374"]
[PlyCount "54"]
[EventDate "2017.06.15"]
[EventType "tourn (corr)"]
[EventRounds "12"]
[EventCountry "GER"]
[SourceTitle "Corr 2022"]
[Source "ChessBase"]
[SourceDate "2021.10.24"]
[SourceVersion "1"]
[SourceVersionDate "2021.10.24"]
[SourceQuality "1"]

1. e4 c5 2. Nf3 Nc6 3. Nc3 e5 4. Bc4 Be7 5. d3 d6 6. Nd2 Nf6 7. Nf1 Bg4 8. f3 Be6 9. Ne3 0-0 10. 0-0 Nh5 11. Ncd5 Bg5 12. g3 Bxe3+ 13. Bxe3 h6 14. f4 exf4 15. gxf4 Nf6 16. Nxf6+ Qxf6 17. Bxe6 fxe6 18. Qg4 c4 19. Kh1 Rf7 20. Rg1 d5 21. Qh3 cxd3 22. cxd3 dxe4 23. dxe4 Rd8 24. Rg3 Nb4 25. Rf1 b6 26. a3 Nd3 27. b3 Rdd7 1/2-1/2

[Event "WC-2016-Q-00009"]
[Site "LSS email"]
[Date "2016.08.29"]
[Round "?"]
[White "Aberbach Peltzman, Angel Sergio"]
[Black "Rudenko, Vitaliy"]
[Result "1/2-1/2"]
[WhiteElo "2232"]
[BlackElo "2363"]
[PlyCount "57"]
[EventDate "2016.09.03"]
[EventType "tourn (corr)"]
[EventRounds "12"]
[EventCountry "GER"]
[SourceTitle "Corr 2022"]
[Source "ChessBase"]
[SourceDate "2021.10.24"]
[SourceVersion "1"]
[SourceVersionDate "2021.10.24"]
[SourceQuality "1"]

1. e4 e5 2. Nf3 Nc6 3. Bb5 a6 4. Ba4 Nf6 5. 0-0 Be7 6. Re1 b5 7. Bb3 d6 8. c3 0-0 9. h3 Nb8 10. d4 Nbd7 11. Nbd2 Bb7 12. Bc2 Re8 13. Nf1 Bf8 14. Ng3 g6 15. a4 c5 16. d5 c4 17. Bg5 h6 18. Be3 Nc5 19. Qd2 h5 20. Bxc5 dxc5 21. Qe3 Rb8 22. Nf1 Nd7 23. N1d2 Bc8 24. Ra2 Nb6 25. Rea1 Bd7 26. Nf1 Qe7 27. Qc1 Red8 28. Bd1 Kh7 29. Qc2 1/2-1/2

[Event "WC-2016-Q-00009"]
[Site "LSS email"]
[Date "2016.08.29"]
[Round "?"]
[White "Garbar, Andrij"]
[Black "Rudenko, Vitaliy"]
[Result "1/2-1/2"]
[WhiteElo "2472"]
[BlackElo "2363"]
[PlyCount "72"]
[EventDate "2016.09.03"]
[EventType "tourn (corr)"]
[EventRounds "12"]
[EventCountry "GER"]
[SourceTitle "Corr 2022"]
[Source "ChessBase"]
[SourceDate "2021.10.24"]
[SourceVersion "1"]
[SourceVersionDate "2021.10.24"]
[SourceQuality "1"]

1. d4 Nf6 2. c4 g6 3. Nc3 Bg7 4. e4 d6 5. Be2 0-0 6. Be3 e5 7. d5 Na6 8. g4 Nc5 9. f3 h5 10. g5 Nh7 11. h4 f6 12. gxf6 Bxf6 13. Bf2 Be7 14. Kd2 c6 15. Kc2 cxd5 16. Qxd5+ Be6 17. Qd2 b5 18. Nh3 bxc4 19. Rag1 Bf7 20. Bxc5 dxc5 21. Nd5 Kh8 22. Bxc4 Bxh4 23. b3 Rc8 24. Rh2 Bxd5 25. exd5 Qf6 26. Qd3 Qxf3 27. Qxf3 Rxf3 28. Rxg6 Rf6 29. Rgg2 Rg8 30. Rxg8+ Kxg8 31. d6+ Kg7 32. Ng1 Bg5 33. Rg2 Kh6 34. Bd3 Nf8 35. Nh3 Bf4 36. Rg8 e4 1/2-1/2

[Event "WC-2016-Q-00009"]
[Site "LSS email"]
[Date "2016.08.29"]
[Round "?"]
[White "Khanas, Valeriy"]
[Black "Rudenko, Vitaliy"]
[Result "1/2-1/2"]
[WhiteElo "2305"]
[BlackElo "2363"]
[PlyCount "58"]
[EventDate "2016.09.03"]
[EventType "tourn (corr)"]
[EventRounds "12"]
[EventCountry "GER"]
[SourceTitle "Corr 2022"]
[Source "ChessBase"]
[SourceDate "2021.10.24"]
[SourceVersion "1"]
[SourceVersionDate "2021.10.24"]
[SourceQuality "1"]

1. d4 Nf6 2. c4 g6 3. Nf3 Bg7 4. Nc3 0-0 5. e4 d6 6. Be2 e5 7. 0-0 Nc6 8. d5 Ne7 9. Ne1 Nd7 10. Nd3 f5 11. f3 f4 12. Bd2 Nf6 13. b4 g5 14. Rc1 h5 15. c5 Ng6 16. Nf2 Rf7 17. Be1 Bf8 18. Nb1 Rg7 19. Nd2 Nh8 20. Kh1 g4 21. Nd3 g3 22. hxg3 fxg3 23. Kg1 Ng6 24. Bxg3 h4 25. Bh2 Nh5 26. f4 Nhxf4 27. Nxf4 Nxf4 28. Bxf4 exf4 29. Rxf4 h3 1/2-1/2

[Event "WC-2016-Q-00009"]
[Site "LSS email"]
[Date "2016.08.29"]
[Round "?"]
[White "Muhl, Patrick"]
[Black "Rudenko, Vitaliy"]
[Result "0-1"]
[WhiteElo "2446"]
[BlackElo "2363"]
[PlyCount "100"]
[EventDate "2016.09.03"]
[EventType "tourn (corr)"]
[EventRounds "12"]
[EventCountry "GER"]
[SourceTitle "Corr 2022"]
[Source "ChessBase"]
[SourceDate "2021.10.24"]
[SourceVersion "1"]
[SourceVersionDate "2021.10.24"]
[SourceQuality "1"]

1. d4 Nf6 2. c4 g6 3. Nc3 Bg7 4. e4 d6 5. Nf3 0-0 6. Be2 e5 7. 0-0 Nc6 8. d5 Ne7 9. b4 Nh5 10. Re1 f5 11. Ng5 Nf6 12. f3 c6 13. Be3 Bh6 14. h4 cxd5 15. cxd5 Bd7 16. Rc1 a6 17. b5 Bxb5 18. Bxb5 axb5 19. Qb3 fxe4 20. fxe4 b4 21. Qxb4 Ng4 22. Bb6 Qe8 23. Qxd6 Nc8 24. Qc5 Nxb6 25. Qxb6 Bxg5 26. hxg5 Qe7 27. Qe6+ Qxe6 28. dxe6 Rae8 29. Rb1 Rxe6 30. Rxb7 Rc6 31. Rb3 Rc4 32. Nd5 Kg7 33. Ra1 Rxe4 34. a4 Rd8 35. Nc3 Re3 36. a5 Rd2 37. Rab1 Rc2 38. Rb7+ Kg8 39. Rb8+ Kf7 40. a6 Rexc3 41. Rf1+ Ke6 42. a7 Ra3 43. a8Q Rxa8 44. Rxa8 Ne3 45. Rf6+ Kd5 46. Ra5+ Kd4 47. Ra4+ Kd5 48. Rf2 Rc4 49. Rxc4 Nxc4 50. Rf7 Ke6 0-1

[Event "WC-2016-Q-00009"]
[Site "LSS email"]
[Date "2016.08.29"]
[Round "?"]
[White "Rudenko, Vitaliy"]
[Black "Davydov, Andrej"]
[Result "1/2-1/2"]
[WhiteElo "2363"]
[BlackElo "2097"]
[PlyCount "53"]
[EventDate "2016.09.03"]
[EventType "tourn (corr)"]
[EventRounds "12"]
[EventCountry "GER"]
[SourceTitle "Corr 2022"]
[Source "ChessBase"]
[SourceDate "2021.10.24"]
[SourceVersion "1"]
[SourceVersionDate "2021.10.24"]
[SourceQuality "1"]

1. e4 e6 2. d4 d5 3. Nc3 Nf6 4. Bg5 dxe4 5. Nxe4 Nbd7 6. Nf3 Be7 7. Nxf6+ Bxf6 8. h4 h6 9. Bxf6 Nxf6 10. Bd3 b6 11. Ne5 0-0 12. c3 Bb7 13. Qe2 Qd5 14. f3 c5 15. Bc4 Qd6 16. 0-0-0 Rad8 17. Rhe1 cxd4 18. Rxd4 Qc5 19. Red1 Rxd4 20. Rxd4 Bd5 21. Bb3 Bxb3 22. axb3 Nd5 23. Kb1 Rc8 24. Nd3 Qc7 25. f4 Ne7 26. Ne5 Rd8 27. Qc4 1/2-1/2

[Event "SM-2016-0-00357"]
[Site "LSS email"]
[Date "2016.07.03"]
[Round "?"]
[White "Gesicki, Jacek"]
[Black "Rudenko, Vitaliy"]
[Result "1/2-1/2"]
[WhiteElo "2392"]
[BlackElo "2357"]
[PlyCount "93"]
[EventDate "2016.05.11"]
[EventType "tourn (corr)"]
[EventRounds "6"]
[EventCountry "GER"]
[SourceTitle "Corr 2022"]
[Source "ChessBase"]
[SourceDate "2021.10.24"]
[SourceVersion "1"]
[SourceVersionDate "2021.10.24"]
[SourceQuality "1"]

1. d4 Nf6 2. c4 g6 3. Nc3 Bg7 4. e4 d6 5. Nf3 0-0 6. Be2 e5 7. 0-0 Nc6 8. d5 Ne7 9. Ne1 Nd7 10. f3 f5 11. Nd3 f4 12. Bd2 Nf6 13. Be1 g5 14. a4 h5 15. c5 Ng6 16. a5 g4 17. a6 bxa6 18. Nb4 gxf3 19. gxf3 Bh3 20. Kh1 Bxf1 21. Bxf1 a5 22. Rxa5 Qc8 23. Nc6 Kh8 24. b4 dxc5 25. bxc5 a6 26. Ra2 Nh7 27. Rg2 Qe8 28. Nb4 Bf6 29. Nxa6 Qf7 30. c6 Nh4 31. Bxh4 Bxh4 32. d6 cxd6 33. Nb5 Ng5 34. Nxd6 Qf6 35. Nc5 Nf7 36. Nf5 Rg8 37. Rc2 Qxc6 38. Nxh4 Qb6 39. Qc1 Ra4 40. Rg2 Rxg2 41. Nxg2 Rb4 42. Bd3 Qd6 43. Qg1 Rd4 44. Nxf4 exf4 45. Ne6 Qxe6 46. Qxd4+ Qe5 47. Qxe5+ 1/2-1/2

[Event "WC-2015-Q-00013"]
[Site "LSS email"]
[Date "2015.09.08"]
[Round "?"]
[White "Panov, Serg"]
[Black "Rudenko, Vitaliy"]
[Result "1/2-1/2"]
[WhiteElo "2312"]
[BlackElo "2353"]
[PlyCount "85"]
[EventDate "2015.09.15"]
[EventType "tourn (corr)"]
[EventRounds "12"]
[EventCountry "GER"]
[SourceTitle "Corr 2022"]
[Source "ChessBase"]
[SourceDate "2021.10.24"]
[SourceVersion "1"]
[SourceVersionDate "2021.10.24"]
[SourceQuality "1"]

1. Nf3 Nf6 2. c4 g6 3. Nc3 Bg7 4. e4 d6 5. d4 0-0 6. h3 e5 7. d5 Nh5 8. Be3 f5 9. Rc1 a5 10. exf5 gxf5 11. Ng5 Nf6 12. Bd3 Na6 13. Bb1 h6 14. Ne6 Bxe6 15. dxe6 f4 16. Nd5 Nxd5 17. Qxd5 Qe7 18. Qe4 Bf6 19. Bd2 Nc5 20. Qg6+ Qg7 21. Qg4 e4 22. Qxg7+ Bxg7 23. b3 b6 24. e7 Rf7 25. 0-0 Re8 26. g3 fxg3 27. fxg3 Rfxe7 28. Be3 a4 29. Bc2 axb3 30. axb3 Ra8 31. Rce1 Nd3 32. Re2 Nb4 33. Bb1 Ra3 34. Bd2 Rxb3 35. Bxe4 Kh8 36. Kg2 Rb2 37. Kf3 Na6 38. Rff2 Bd4 39. Rg2 Nc5 40. Bd5 Rb3+ 41. Kg4 Be3 42. Bxe3 Rexe3 43. Kf4 1/2-1/2

[Event "WC-2015-Q-00013"]
[Site "LSS email"]
[Date "2015.09.08"]
[Round "?"]
[White "Rudenko, Vitaliy"]
[Black "Borisovs, Leonids"]
[Result "1-0"]
[WhiteElo "2353"]
[BlackElo "2183"]
[PlyCount "55"]
[EventDate "2015.09.15"]
[EventType "tourn (corr)"]
[EventRounds "12"]
[EventCountry "GER"]
[SourceTitle "Corr 2022"]
[Source "ChessBase"]
[SourceDate "2021.10.24"]
[SourceVersion "1"]
[SourceVersionDate "2021.10.24"]
[SourceQuality "1"]

1. e4 c6 2. d4 d5 3. e5 Bf5 4. Nf3 e6 5. Be2 Nd7 6. 0-0 Ne7 7. Nbd2 h6 8. Nb3 g5 9. a4 Bg7 10. a5 a6 11. Ra4 Qc7 12. Re1 0-0 13. Bd2 c5 14. Nxc5 Nxc5 15. dxc5 Rfc8 16. Bd3 Qxc5 17. Bxf5 Nxf5 18. c3 Qb5 19. h4 Qxb2 20. hxg5 hxg5 21. Rb4 Qa2 22. Nxg5 Rc7 23. Bf4 Qxa5 24. Qh5 Qc5 25. Bd2 Rb8 26. Rg4 Kf8 27. Nh7+ Ke7 28. Rg5 1-0

[Event "WC-2015-Q-00013"]
[Site "LSS email"]
[Date "2015.09.08"]
[Round "?"]
[White "Rudenko, Vitaliy"]
[Black "Narkun, Michal"]
[Result "1/2-1/2"]
[WhiteElo "2353"]
[BlackElo "2414"]
[PlyCount "61"]
[EventDate "2015.09.15"]
[EventType "tourn (corr)"]
[EventRounds "12"]
[EventCountry "GER"]
[SourceTitle "Corr 2022"]
[Source "ChessBase"]
[SourceDate "2021.10.24"]
[SourceVersion "1"]
[SourceVersionDate "2021.10.24"]
[SourceQuality "1"]

1. e4 e5 2. Nf3 Nc6 3. Bb5 Nf6 4. d3 d6 5. 0-0 Be7 6. Re1 0-0 7. c3 a6 8. Ba4 b5 9. Bb3 Na5 10. Bc2 c5 11. Nbd2 Nc6 12. Nf1 Be6 13. h3 Qc7 14. Ng5 Bd7 15. Ne3 Rac8 16. Bb3 Na5 17. Nd5 Nxd5 18. Bxd5 h6 19. Nf3 Bc6 20. Bxc6 Nxc6 21. a4 b4 22. Nh2 Qd7 23. Ng4 Qe6 24. Ne3 Rb8 25. Nf5 Rfd8 26. c4 a5 27. b3 Kh7 28. Ra2 Bf8 29. Rf1 g6 30. Ne3 Bg7 31. Nd5 1/2-1/2

[Event "WC-2015-Q-00013"]
[Site "LSS email"]
[Date "2015.09.08"]
[Round "?"]
[White "Rudenko, Vitaliy"]
[Black "Panov, Serg"]
[Result "1/2-1/2"]
[WhiteElo "2353"]
[BlackElo "2312"]
[PlyCount "71"]
[EventDate "2015.09.15"]
[EventType "tourn (corr)"]
[EventRounds "12"]
[EventCountry "GER"]
[SourceTitle "Corr 2022"]
[Source "ChessBase"]
[SourceDate "2021.10.24"]
[SourceVersion "1"]
[SourceVersionDate "2021.10.24"]
[SourceQuality "1"]

1. e4 e5 2. Nf3 Nf6 3. Nxe5 d6 4. Nf3 Nxe4 5. Nc3 Nxc3 6. dxc3 Be7 7. Be3 0-0 8. Qd2 Nc6 9. 0-0-0 Ne5 10. Kb1 Be6 11. Nd4 Bd7 12. h3 c5 13. Nb5 Qb6 14. Nxd6 Be6 15. Ne4 Rfd8 16. Qe1 Rxd1+ 17. Qxd1 Rd8 18. Qe1 Qc6 19. f3 Bd5 20. Nd2 b5 21. h4 Re8 22. h5 Bf8 23. Qf2 a5 24. Be2 a4 25. h6 g6 26. a3 f5 27. Re1 b4 28. cxb4 cxb4 29. axb4 Bxb4 30. Qh4 Bf8 31. Bd4 a3 32. b3 a2+ 33. Kb2 Be7 34. Qf2 Bf6 35. Rc1 Bf7 36. f4 1/2-1/2

[Event "WC-2015-Q-00013"]
[Site "LSS email"]
[Date "2015.09.08"]
[Round "?"]
[White "Starke, Rene Reiner"]
[Black "Rudenko, Vitaliy"]
[Result "1/2-1/2"]
[WhiteElo "2474"]
[BlackElo "2353"]
[PlyCount "87"]
[EventDate "2015.09.15"]
[EventType "tourn (corr)"]
[EventRounds "12"]
[EventCountry "GER"]
[SourceTitle "Corr 2022"]
[Source "ChessBase"]
[SourceDate "2021.10.24"]
[SourceVersion "1"]
[SourceVersionDate "2021.10.24"]
[SourceQuality "1"]

1. d4 Nf6 2. c4 g6 3. Nf3 Bg7 4. Nc3 0-0 5. e4 d6 6. Be2 e5 7. 0-0 Nc6 8. d5 Ne7 9. b4 Nh5 10. Re1 f5 11. Ng5 Nf6 12. f3 c6 13. Be3 Bh6 14. h4 cxd5 15. cxd5 Bd7 16. Rc1 a6 17. b5 Bxb5 18. Bxb5 axb5 19. Nxb5 fxe4 20. fxe4 Nxe4 21. Nxe4 Bxe3+ 22. Rxe3 Qb6 23. Qb3 Nf5 24. Rce1 Nxe3 25. Rxe3 Rxa2 26. Nbxd6 Ra1+ 27. Kh2 Qd8 28. Rh3 Rff1 29. h5 Rh1+ 30. Kg3 Rxh3+ 31. gxh3 Qf8 32. Qe3 b5 33. hxg6 Qg7 34. Qf2 Qxg6+ 35. Kh2 b4 36. Nf5 Kh8 37. d6 Qf7 38. d7 Qxd7 39. Nfd6 Rh1+ 40. Kxh1 Qxh3+ 41. Kg1 Qg4+ 42. Kh2 Qf4+ 43. Qxf4 exf4 44. Nc4 1/2-1/2

[Event "RM-2015-0-00151"]
[Site "LSS email"]
[Date "2015.01.06"]
[Round "?"]
[White "Zlotkowski, Arkadiusz"]
[Black "Rudenko, Vitaliy"]
[Result "1/2-1/2"]
[WhiteElo "2278"]
[BlackElo "2356"]
[PlyCount "74"]
[EventDate "2014.09.12"]
[EventType "tourn (corr)"]
[EventRounds "6"]
[EventCountry "GER"]
[SourceTitle "Corr 2022"]
[Source "ChessBase"]
[SourceDate "2021.10.24"]
[SourceVersion "1"]
[SourceVersionDate "2021.10.24"]
[SourceQuality "1"]

1. Nf3 Nf6 2. c4 g6 3. d4 Bg7 4. Nc3 d5 5. Qb3 dxc4 6. Qxc4 0-0 7. e4 Nc6 8. Be2 Bg4 9. d5 Na5 10. Qb4 Bxf3 11. Bxf3 c6 12. 0-0 Qb6 13. Qa4 Nd7 14. Rd1 Rfd8 15. g3 h5 16. Bg2 Ne5 17. Rb1 Nac4 18. Qc2 Rac8 19. Bf4 Qa5 20. Bh3 Ng4 21. dxc6 bxc6 22. Na4 Nb6 23. Nc5 Qxa2 24. f3 Bd4+ 25. Kg2 g5 26. Bxg5 Nc4 27. fxg4 Bxc5 28. gxh5 Rb8 29. Ra1 Qxa1 30. Rxa1 Rxb2 31. Qxb2 Nxb2 32. Bg4 Nd3 33. Be2 f6 34. Bxf6 exf6 35. Rd1 Nf4+ 36. gxf4 Rxd1 37. Bxd1 Bd4 1/2-1/2

[Event "WC-2014-S-00006"]
[Site "LSS email"]
[Date "2014.01.13"]
[Round "?"]
[White "Nichols, Scott"]
[Black "Rudenko, Vitaliy"]
[Result "1/2-1/2"]
[WhiteElo "2429"]
[BlackElo "2366"]
[PlyCount "64"]
[EventDate "2014.01.18"]
[EventType "tourn (corr)"]
[EventRounds "12"]
[EventCountry "GER"]
[SourceTitle "Corr 2022"]
[Source "ChessBase"]
[SourceDate "2021.10.24"]
[SourceVersion "1"]
[SourceVersionDate "2021.10.24"]
[SourceQuality "1"]

1. d4 Nf6 2. c4 g6 3. f3 Bg7 4. e4 d6 5. Nc3 0-0 6. Be3 c5 7. Nge2 Nc6 8. d5 Ne5 9. Ng3 e6 10. Be2 exd5 11. cxd5 a6 12. a4 Bd7 13. 0-0 b5 14. Qc2 Rb8 15. axb5 axb5 16. Ra6 b4 17. Nd1 Bb5 18. Bxb5 Rxb5 19. Bf4 Nfd7 20. Rxd6 Ra5 21. Ne3 Qc7 22. Ngf5 gxf5 23. Nxf5 Qa7 24. h4 Ra6 25. Rxa6 Qxa6 26. Nxg7 Kxg7 27. Bxe5+ Nxe5 28. Qxc5 Qf6 29. Qxb4 Qxh4 30. Qc3 Qg3 31. f4 Qxc3 32. bxc3 Ng4 1/2-1/2

[Event "WC-2014-S-00006"]
[Site "LSS email"]
[Date "2014.01.13"]
[Round "?"]
[White "Roberts, Anthony"]
[Black "Rudenko, Vitaliy"]
[Result "1/2-1/2"]
[WhiteElo "2300"]
[BlackElo "2366"]
[PlyCount "35"]
[EventDate "2014.01.18"]
[EventType "tourn (corr)"]
[EventRounds "12"]
[EventCountry "GER"]
[SourceTitle "Corr 2022"]
[Source "ChessBase"]
[SourceDate "2021.10.24"]
[SourceVersion "1"]
[SourceVersionDate "2021.10.24"]
[SourceQuality "1"]

1. e4 c5 2. Nf3 d6 3. d4 cxd4 4. Nxd4 Nf6 5. Nc3 a6 6. Bg5 Nbd7 7. Bc4 Qb6 8. Bb3 e6 9. 0-0 Be7 10. Be3 Nc5 11. f3 0-0 12. a4 Qc7 13. Re1 e5 14. Nf5 Bxf5 15. exf5 Nxb3 16. cxb3 Rfd8 17. Rc1 Qd7 18. g4 1/2-1/2

[Event "WC-2014-S-00006"]
[Site "LSS email"]
[Date "2014.01.13"]
[Round "?"]
[White "Rudenko, Vitaliy"]
[Black "Mueller Alves, Martin"]
[Result "1/2-1/2"]
[WhiteElo "2366"]
[BlackElo "2471"]
[PlyCount "43"]
[EventDate "2014.01.18"]
[EventType "tourn (corr)"]
[EventRounds "12"]
[EventCountry "GER"]
[SourceTitle "Corr 2022"]
[Source "ChessBase"]
[SourceDate "2021.10.24"]
[SourceVersion "1"]
[SourceVersionDate "2021.10.24"]
[SourceQuality "1"]

1. e4 c5 2. Nf3 d6 3. d4 cxd4 4. Nxd4 Nf6 5. Nc3 a6 6. Bd3 e5 7. Nb3 Be7 8. 0-0 0-0 9. Be3 Nc6 10. a3 Be6 11. Nd5 h6 12. Qf3 Nd7 13. Nd2 Nc5 14. Bxc5 dxc5 15. c3 b5 16. Rfd1 c4 17. Bc2 Bc5 18. Qg3 Qg5 19. Qxg5 hxg5 20. a4 Rac8 21. axb5 axb5 22. Ra6 1/2-1/2

[Event "WC-2014-S-00006"]
[Site "LSS email"]
[Date "2014.01.13"]
[Round "?"]
[White "Rudenko, Vitaliy"]
[Black "Ralls, Richard Nelson"]
[Result "0-1"]
[WhiteElo "2366"]
[BlackElo "2502"]
[PlyCount "40"]
[EventDate "2014.01.18"]
[EventType "tourn (corr)"]
[EventRounds "12"]
[EventCountry "GER"]
[SourceTitle "Corr 2022"]
[Source "ChessBase"]
[SourceDate "2021.10.24"]
[SourceVersion "1"]
[SourceVersionDate "2021.10.24"]
[SourceQuality "1"]

1. e4 e5 2. Nf3 Nc6 3. Bb5 a6 4. Ba4 Nf6 5. 0-0 Be7 6. Re1 b5 7. Bb3 d6 8. c3 0-0 9. h3 Nb8 10. d4 Nbd7 11. Nbd2 Bb7 12. Bc2 c5 13. d5 c4 14. Nf1 Qc7 15. Ng3 g6 16. Bh6 Rfc8 17. a4 Nc5 18. Qe2 Rcb8 19. Ra2 Bc8 20. Rea1 Nb3 0-1

[Event "CP-2013-P-00066"]
[Site "LSS email"]
[Date "2013.09.30"]
[Round "?"]
[White "Bearce, Harold L"]
[Black "Rudenko, Vitaliy"]
[Result "0-1"]
[WhiteElo "482"]
[BlackElo "2246"]
[PlyCount "54"]
[EventDate "2013.10.01"]
[EventType "tourn (corr)"]
[EventRounds "6"]
[EventCountry "GER"]
[SourceTitle "Telechess CBM 167"]
[Source "ChessBase"]
[SourceDate "2015.07.13"]
[SourceVersion "1"]
[SourceVersionDate "2015.07.13"]
[SourceQuality "1"]

1. e4 c5 2. Nf3 Nc6 3. d4 cxd4 4. Nxd4 Nf6 5. Nc3 e5 6. Nb3 Bb4 7. Bd3 d5 8. Bd2 d4 9. Ne2 Bxd2+ 10. Qxd2 Qb6 11. a3 Be6 12. Qd1 0-0 13. 0-0 Rac8 14. Qd2 Bxb3 15. cxb3 Qxb3 16. Rac1 a6 17. Rc2 Ne7 18. Rfc1 Rxc2 19. Rxc2 Rc8 20. Rxc8+ Nxc8 21. Qc2 Qxc2 22. Bxc2 Nd7 23. Nc1 Nd6 24. f3 Nc4 25. Ba4 Nc5 26. Bd1 Nxb2 27. Bc2 d3 0-1

[Event "CP-2013-P-00066"]
[Site "LSS email"]
[Date "2013.09.30"]
[Round "?"]
[White "Rudenko, Vitaliy"]
[Black "Grkinic, Goran"]
[Result "1-0"]
[WhiteElo "2246"]
[BlackElo "1762"]
[PlyCount "79"]
[EventDate "2013.10.01"]
[EventType "tourn (corr)"]
[EventRounds "6"]
[EventCountry "GER"]
[SourceTitle "Telechess CBM 167"]
[Source "ChessBase"]
[SourceDate "2015.07.13"]
[SourceVersion "1"]
[SourceVersionDate "2015.07.13"]
[SourceQuality "1"]

1. e4 e5 2. Nf3 Nf6 3. Nc3 Nc6 4. Bb5 d6 5. d4 exd4 6. Nxd4 Bd7 7. 0-0 Be7 8. Re1 0-0 9. Bf4 Nxd4 10. Qxd4 Bxb5 11. Nxb5 a6 12. Nc3 Nd7 13. Rad1 Bf6 14. Qc4 Nb6 15. Qb3 Qc8 16. Be3 Bxc3 17. Qxc3 Nd7 18. Bd4 f6 19. f4 Rf7 20. Qc4 b5 21. Qd5 c5 22. Bf2 Qb8 23. Qxd6 Qxd6 24. Rxd6 Kf8 25. e5 fxe5 26. fxe5 Rxf2 27. Kxf2 Ke7 28. Rc6 c4 29. e6 Nf6 30. Rc7+ Kf8 31. Rd1 Re8 32. Rd8 h6 33. Rf7+ Kg8 34. Rxe8+ Nxe8 35. Kf3 c3 36. bxc3 a5 37. Kf4 g5+ 38. Ke5 Ng7 39. Rxg7+ Kxg7 40. Kd6 1-0

[Event "CP-2013-P-00066"]
[Site "LSS email"]
[Date "2013.09.30"]
[Round "?"]
[White "Rudenko, Vitaliy"]
[Black "Razumov, Aleksandr Nikolaevi"]
[Result "1-0"]
[WhiteElo "2246"]
[BlackElo "1921"]
[PlyCount "75"]
[EventDate "2013.10.01"]
[EventType "tourn (corr)"]
[EventRounds "6"]
[EventCountry "GER"]
[SourceTitle "Telechess CBM 167"]
[Source "ChessBase"]
[SourceDate "2015.07.13"]
[SourceVersion "1"]
[SourceVersionDate "2015.07.13"]
[SourceQuality "1"]

1. e4 e5 2. Nf3 Nc6 3. Bb5 Nf6 4. d3 d6 5. c3 Bd7 6. 0-0 h6 7. Nbd2 Be7 8. d4 exd4 9. cxd4 d5 10. e5 Nh7 11. Ba4 Nb8 12. Bb3 Bg4 13. h3 Bh5 14. g4 Bg6 15. Ne1 Bb4 16. f4 Bxd2 17. Qxd2 Be4 18. Nd3 h5 19. Nc5 hxg4 20. Qe2 gxh3 21. Nxe4 dxe4 22. Qxe4 Nc6 23. d5 Ne7 24. Kh2 g6 25. Be3 Qd7 26. e6 Qd6 27. Qa4+ Kf8 28. Bd4 f6 29. Rac1 Kg7 30. Bc5 Qd8 31. Rg1 a5 32. Qe4 Nf8 33. Bd4 Nh7 34. Rxg6+ Nxg6 35. Rg1 Nhf8 36. e7 Qe8 37. Ba4 c6 38. dxc6 1-0

[Event "SM-2013-0-00266"]
[Site "LSS email"]
[Date "2013.08.20"]
[Round "?"]
[White "Lovakovic, Franjo"]
[Black "Rudenko, Vitaliy"]
[Result "1/2-1/2"]
[WhiteElo "2383"]
[BlackElo "2351"]
[PlyCount "37"]
[EventDate "2013.07.30"]
[EventType "tourn (corr)"]
[EventRounds "6"]
[EventCountry "GER"]
[SourceTitle "Corr 2022"]
[Source "ChessBase"]
[SourceDate "2021.10.24"]
[SourceVersion "1"]
[SourceVersionDate "2021.10.24"]
[SourceQuality "1"]

1. e4 e5 2. Nf3 Nc6 3. Bb5 a6 4. Ba4 Nf6 5. 0-0 Be7 6. d3 b5 7. Bb3 d6 8. c3 0-0 9. Nbd2 Na5 10. Bc2 c5 11. Re1 Nc6 12. Nf1 Nd7 13. a4 b4 14. Ne3 a5 15. Bb3 Nb6 16. Nd2 Bg5 17. Ndc4 Nxc4 18. Bxc4 Rb8 19. Nd5 1/2-1/2

[Event "CP-Remote email"]
[Site "Remote email"]
[Date "2013.02.10"]
[Round "?.18"]
[White "Allerberger, Peter"]
[Black "Rudenko, Vitaliy"]
[Result "1/2-1/2"]
[WhiteElo "2165"]
[BlackElo "2302"]
[PlyCount "36"]
[EventDate "2013.??.??"]
[EventType "team-match (corr)"]
[EventRounds "2"]
[EventCountry "GER"]
[SourceTitle "Corr 2015"]
[Source "ChessBase"]
[SourceDate "2015.07.17"]
[SourceVersion "1"]
[SourceVersionDate "2015.07.17"]
[SourceQuality "1"]
[WhiteTeam "Remote"]
[BlackTeam "ChessPlanet"]

1. e4 e5 2. Nf3 Nc6 3. Bb5 a6 4. Bxc6 dxc6 5. 0-0 Bg4 6. h3 h5 7. d3 Qf6 8. Nbd2 g5 9. b3 Qg7 10. Nc4 Bc8 11. Bxg5 f6 12. Bd2 Bxh3 13. Nh4 Be6 14. Ne3 0-0-0 15. a4 Ne7 16. b4 Bd7 17. Qf3 Kb8 18. Rfb1 Qg5 1/2-1/2

[Event "CP-Remote email"]
[Site "Remote email"]
[Date "2013.02.10"]
[Round "?.18"]
[White "Rudenko, Vitaliy"]
[Black "Allerberger, Peter"]
[Result "0-1"]
[WhiteElo "2302"]
[BlackElo "2165"]
[PlyCount "76"]
[EventDate "2013.??.??"]
[EventType "team-match (corr)"]
[EventRounds "2"]
[EventCountry "GER"]
[SourceTitle "Corr 2015"]
[Source "ChessBase"]
[SourceDate "2015.07.17"]
[SourceVersion "1"]
[SourceVersionDate "2015.07.17"]
[SourceQuality "1"]
[WhiteTeam "ChessPlanet"]
[BlackTeam "Remote"]

1. e4 e6 2. d4 d5 3. Nc3 Nf6 4. e5 Nfd7 5. f4 c5 6. Nf3 Nc6 7. Be3 a6 8. Qd2 b5 9. a3 Qb6 10. Ne2 cxd4 11. Nexd4 Nxd4 12. Nxd4 Qc7 13. Bd3 Be7 14. 0-0 0-0 15. Qf2 Nc5 16. Nb3 Nxb3 17. cxb3 g6 18. Rac1 Qb8 19. b4 Bd7 20. h4 Rc8 21. h5 Rxc1 22. Rxc1 Qd8 23. Kh2 Rc8 24. Rh1 Ra8 25. g4 d4 26. Bxd4 Bc6 27. Rc1 Qd5 28. Be3 Rd8 29. Bb1 Bb7 30. Qe2 Kg7 31. Rg1 Qb3 32. Re1 Qd5 33. Kh3 Kg8 34. h6 a5 35. bxa5 b4 36. axb4 Bxb4 37. Bb6 Bxe1 38. Qxe1 Qf3+ 0-1